| 000 | 00395nam a22001457a 4500 | ||
|---|---|---|---|
| 005 | 20250924151420.0 | ||
| 008 | 250924b |||||||| |||| 00| 0 eng d | ||
| 050 |
_aSB950 _b.3 MAR |
||
| 100 | _aMARTIN HUBERT | ||
| 245 | _aTHE SCIENCETIFIC PRINCIPLES OF CROP PROTECTION | ||
| 250 | _a7TH | ||
| 260 |
_aNEW DELHI _bCBS PUBLISHERS AND DISTRIBUTORS _c1983 |
||
| 300 | _aix, 486p | ||
| 942 |
_2lcc _cBK _n0 |
||
| 999 |
_c7693 _d7693 |
||